Hospodárske zmluvy o spolupráci na projektovej a organizačnej príprave stavby záverečná práca postgraduálneho štúdia

Guardado en:
Detalles Bibliográficos
Autor principal: Demko, Marián
Autor Corporativo: Vysoká škola ekonomická v Bratislave. Obchodná fakulta
Otros Autores: Moravčík, J.
Formato: Libro
Lenguaje:eslovaco
Publicado: Bratislava 1988
Etiquetas: Agregar Etiqueta
Sin Etiquetas, Sea el primero en etiquetar este registro!

MARC

LEADER 00000nam a2200000 4500
001 c026812
005 20221219091626.5
041 0 |a slo 
044 |a SK 
245 1 0 |a Hospodárske zmluvy o spolupráci na projektovej a organizačnej príprave stavby  |b záverečná práca postgraduálneho štúdia  |c Marián Demko ; Ved. práce J. Moravčík 
264 1 |a Bratislava  |c 1988 
300 |a 42 s. 
100 1 |a Demko, Marián 
700 1 |a Moravčík, J. 
710 2 |a Vysoká škola ekonomická v Bratislave. Obchodná fakulta